| 000 | 00614pam a2200217 a 4500 | ||
|---|---|---|---|
| 001 | 13748805 | ||
| 005 | 20180306030643.0 | ||
| 008 | 041012s2005 nyua p 001 0 eng | ||
| 010 | _a 2004043903 | ||
| 020 | _a1401832172 | ||
| 040 |
_aDLC _cDLC _dDLC |
||
| 041 | _aeng | ||
| 080 | _a610.14 DEN | ||
| 082 | 0 | 0 |
_a610.14 DEN _222 |
| 100 | 1 | _a4 | |
| 101 | _aSHM | ||
| 245 | 1 | 0 | _aMedical terminology : |
| 906 |
_a7 _bcbc _corigcop _d2 _encip _f20 _gy-gencatlg |
||
| 942 |
_2ddc _cBK |
||
| 999 |
_c44095 _d44095 |
||